Villes françaises qui contiennent le mot "De" (mort subite) - Statistiques

Statistiques générales
  • Ce quiz a été pris 126 fois
  • Le résultat moyen est 12 sur 17
Answers on the Grid
Answers color-coded by a green-red scale on the quiz's grid according to % correct below.
Fort- -France
Marguerite -- Crayencour
Bagnoles - - l'Orne Normandie
Sur-La-Vie- - Ma-Mère
Dol - - bretagne
Pont- -Labeaume
Mort - - Rire
Saint-Jean- -Luz
Saint-Jean- - Maurienne
Saint-Gilles-Croix- -Vie
Bagnères- -Bigorre
Saint-Martin- - Ré
Salon- -Provence
Saint-Jean- -Braye
Saint-Hilaire- -Riez
Mont- - Marsan
Saint-Jean- -Monts
Saint-Rémy- -Provence
Saint-Paul --Vence
Villard- - Lans
 
Statistiques - réponses
Réponse % Correct
Fort- -France
99%
Saint-Jean- -Luz
87%
Mont- - Marsan
80%
Saint-Rémy- -Provence
80%
Saint-Jean- - Maurienne
78%
Saint-Jean- -Monts
76%
Salon- -Provence
75%
Saint-Gilles-Croix- -Vie
74%
Saint-Paul --Vence
73%
Dol - - bretagne
69%
Bagnères- -Bigorre
67%
Villard- - Lans
66%
Saint-Hilaire- -Riez
65%
Saint-Martin- - Ré
64%
Saint-Jean- -Braye
63%
Bagnoles - - l'Orne Normandie
59%
Pont- -Labeaume
52%
Aucun quiz correspondant
Distribution des résultats
% des personnes avec chaque résultat
Percentile par nombre de réponses
Votre historique - résultats
Vous n’avez pas pris ce quiz